000 005670000a22001930004500
003 LK-CoMWRAF
005 20231206123424.0
008 230817t1971 ||||| |||| 00| 0 eng d
020 _a0520016858
040 _aLK-CoMWRAF
_dLK-CoMWRAF
_eLK-CoMWRAF
041 _aeng
082 _a910.031
_bTHE
245 _aThemes of Islamic Civilization
260 _bBerkeley:
_a University of California Press
_c1971
300 _aviii, 382 p. 24 cm.
_bBibliography and index included
650 _aISLAMIC CIVILIZATION
700 _aWilliams,, John Alden
_ecomp.
942 _cBK
999 _c2272
_d2272